Loading...
Kiyan lal /
| Main Author: | |
|---|---|
| Format: | Printed Book |
| Language: | Hindi |
| Published: |
Prakashan Samstan ,
1981.
|
| Subjects: |
| LEADER | 00477nam a2200157Ia 4500 | ||
|---|---|---|---|
| 008 | 150624b xxu||||| |||| 00| d hin d | ||
| 082 | |a 862.8S9 | ||
| 100 | |a Sudeep Bannargi | ||
| 245 | |c Sudeep Bannargi |a Kiyan lal / | ||
| 260 | |b Prakashan Samstan , |c 1981. | ||
| 300 | |a 51 p. | ||
| 546 | |a In Hindi. | ||
| 650 | |v Drama | ||
| 942 | |c BK | ||
| 999 | |c 91342 |d 91342 | ||
| 952 | |0 1 |1 0 |2 ddc |4 1 |6 862_000000000000000_8S9_KIS_H |7 0 |9 91284 |a UL |b UL |c ST2 |d 1998-09-15 |l 0 |o 862.8S9 KIS H |p 50858 |r 2012-10-27 |y BK | ||